Least Urbanized Countries - Statistics

General Stats
  • This quiz has been taken 603 times
  • The average score is 9 of 20
Answer Stats
Continent % Answer % Correct
Oceania 13.3 Papua New Guinea
76%
Oceania 17.9 Samoa
70%
Oceania 24.7 Solomon Islands
69%
Oceania 23.1 Tonga
67%
Oceania 22.9 Federated States of Micronesia
64%
Africa 16.6 Niger
64%
Africa 23.5 Chad
63%
Africa 20.2 South Sudan
53%
Africa 13.7 Burundi
45%
Africa 21.7 Ethiopia
43%
Africa 17.4 Rwanda
42%
Africa 25.0 Uganda
42%
Africa 17.4 Malawi
38%
Asia 20.6 Nepal
37%
North America 18.8 Saint Lucia
31%
Africa 24.2 Eswatini
29%
North America 24.4 Antigua and Barbuda
26%
Asia 24.2 Cambodia
19%
Europe 14.4 Liechtenstein
17%
Asia 18.7 Sri Lanka
15%
No matching quizzes found
Score Distribution
Percent of People with Each Score
Percentile by Number Answered
Your Score History
You have not taken this quiz